Reverzní logistika musí být rychlá a přesná
Najväčší svetový e-shop, americký Amazon, má na území Európy centrum, ktoré je zamerané výhradne na spätný tok zásielok, a to sa nachádza len na Slovensku v Seredi. Za vybavovanie záležitostí okolo vráteného tovaru je zodpovedný Jiří Štěpánek.
Salvato in:
| Autore principale: | |
|---|---|
| Natura: | Capitolo di libro |
| Lingua: | ceco |
| Soggetti: | |
| Tags: |
Nessun Tag, puoi essere il primo ad aggiungerne!!
|
MARC
| LEADER | 00000naa a2200000 4500 | ||
|---|---|---|---|
| 001 | 0267516 | ||
| 005 | 20200821121043.4 | ||
| 041 | 0 | |a cze | |
| 044 | |a CZ | ||
| 245 | 1 | 0 | |a Reverzní logistika musí být rychlá a přesná |c Filip Hubička |
| 520 | |a Najväčší svetový e-shop, americký Amazon, má na území Európy centrum, ktoré je zamerané výhradne na spätný tok zásielok, a to sa nachádza len na Slovensku v Seredi. Za vybavovanie záležitostí okolo vráteného tovaru je zodpovedný Jiří Štěpánek. | ||
| 610 | 2 | 0 | |a obchod elektronický |
| 610 | 2 | 0 | |a obchod zásielkový |
| 610 | 2 | 0 | |a reklamácie |
| 610 | 2 | 0 | |a Amazon |
| 100 | 1 | |a Hubička, Filip | |